Vista normal
Vista MARC
Entrada Materia (personas)
Número de registros utilizados en: 2
001 - CONTROL NUMBER
- control field: 38492
003 - CONTROL NUMBER IDENTIFIER
- control field: Co-BoUCM
005 - DATE AND TIME OF LATEST TRANSACTION
- control field: 20130528162923.0
008 - FIXED-LENGTH DATA ELEMENTS
- fixed length control field: 130528|| aca||aabn | a|a d
040 ## - CATALOGING SOURCE
- Original cataloging agency: Co-BoUCM
- Transcribing agency: Co-BoUCM
100 ## - HEADING--PERSONAL NAME
- Personal name: Jorde, Lynn B.
670 ## - SOURCE DATA FOUND
- Source citation: Work cat.: (Co-BoUCM)167013: Hansen, Barbara 38218, Biochemestry and medical genetics, 2011